02499 2200289 4500001002100000005001500021007000300036008004100039020001800080035002000098082001700118084002300135100003000158245005100188250000600239264004300245300005600288336002100344337003000365338002300395502002400418504002800442505022300470520147800693650002702171990001102198INLIS00000000002381820260422102246ta260422 g 0 ind  a9786239112967 a0010-0426000015 aR.959.865 03 aR.959.865 03 KUS e0 aKusnadi WasrieePengarang1 aEnsiklopedia Indonesia Provinsi Tenggara Barat aI aYogyakarta :bPUSTAKA REFERENSI,c2023 avi + 170 halaman :bIlustrasi [warna] ;c21 x 29 cm 2rdacontentaTeks 2rdamediaaTanpa Perantara 2rdacarrieraLembar aIndeks: 163 halaman aBibliografi:167 halaman a1. Profil Provinsi 2. Letak Astronomis dan Geografis 3. Iklim 4. Data Fisik dan Keadaan Alam 5. Sejarah 6. Pahlawan 7. Pembagian Wilayah Administrasi 8. Penduduk 9. Seni dan budaya 10. Pemain Tradisional aIndonesia adalah negara yang kaya, dilihat dari sosial budayanya (suku bangsa, bahasa daerah, adat istiadat, dan lainnya) maupun dilihat dari sumber daya alam yang dimilikinya (panorama alam yang indah, hutan satwa, barang tambang, dan lainnya). Sebagai bagian dari bangsa Indonesia, sudah sepatutnya kita mensyukuri kekayaan alam dan sosial budaya yang dimiliki oleh negara kita tercinta Indonesia. Namun, masih banyak dari kita yang belum tahu bagaimana dan apa saja kekayaan alam serta sosial budaya yang dimiliki negara Indonesia. Buku Ensiklopedia Indonesia ini disusun sesuai dengan jumlah provinsi yang ada di Indonesia saat ini, yaitu 34 provinsi. Di mana pada setiap provinsi berisikan uraian dan keterangan serta gambar yang memuat segala hal yang berkaitan atau berhubungan dengan nama ibu kota provinsi, dasar hukum terbentuknya provinsi, luas wilayah, batas wilayah, jumlah penduduk, agama yang ada, mata pencahariaan penduduk, sumber daya alam yang dimiliki, sosial budaya seperti nama dan bentuk rumah adat, busana atau pakaian tradisional, senjata tradisional, kesenian, dan budaya tradisional. Buku Ensiklopedia Indonesia ini memberikan gambaran dan wawasan kepada pembaca untuk lebih tahu dan mengenal kekayaan bangsa Indonesia yang perlu dilestarikan karena merupakan warisan leluhur. Buku ini tentunya bermanfaat bagi kita semua dan semakin menambah wawasan serta pengetahuan kita terhadap negara Indonesia, sehingga kita semakin mencintai negara ini. 4aEnsiklopedia Indonesia a078263